100 Most Famous Rappers by Picture (Old and new) - Statistics

General Stats
  • This quiz has been taken 1,313 times
  • The average score is 58 of 100
Answer Stats
Picture Answer % Correct
Drake
100%
Eminem
99%
Kanye West
98%
Snoop Dogg
97%
Tupac
96%
Biggie
94%
XXXTentacion
92%
Jay-Z
91%
Lil Wayne
89%
Nicki Minaj
89%
Juice WRLD
88%
Kendrick Lamar
88%
Lil Nas X
88%
J. Cole
87%
Tyler The Creator
87%
Travis Scott
86%
Cardi B
85%
Dr Dre
84%
Post Malone
83%
50 Cent
82%
Ice Cube
81%
A$AP Rocky
80%
Will Smith
80%
DaBaby
79%
Ice Spice
77%
Jack Harlow
77%
21 Savage
76%
6ix9ine
76%
Future
75%
Lil Uzi Vert
74%
Pop Smoke
74%
Diddy
71%
Mac Miller
71%
Lil Baby
69%
The Weeknd
69%
NLE Choppa
68%
Lil Peep
66%
Lil Pump
66%
Childish Gambino
63%
Machine Gun Kelly
63%
Kodak Black
62%
Roddy Ricch
62%
Blueface
61%
Lil Tecca
61%
Megan Thee Stallion
61%
Trippie Redd
61%
Eazy E
60%
Lil Durk
59%
Lil Mosey
59%
Lil Yachty
59%
NBA Youngboy
59%
Quavo
59%
MF Doom
58%
Young Thug
57%
Chance the Rapper
56%
Offset
56%
King Von
54%
Chris Brown
53%
Ludacris
53%
Takeoff
53%
YNW Melly
53%
Logic
51%
Playboi Carti
51%
Rick Ross
51%
Andre 3000
49%
Lauryn Hill
49%
Doja Cat
48%
Frank Ocean
48%
Gunna
48%
Ski Mask the Slump God
46%
DMX
42%
Chief Keef
41%
JID
41%
Lil Xan
41%
Polo G
41%
Wiz Khalifa
41%
Baby Keem
40%
Denzel Curry
40%
Kid Cudi
39%
Lil TJay
37%
Swae Lee
37%
Don Toliver
35%
Missy Elliott
32%
Nas
32%
Ty Dolla $ign
31%
Tyga
31%
NAV
30%
Pusha T
26%
Lil Skies
25%
Meek Mill
25%
Big Sean
23%
Tory Lanez
23%
Sheck Wes
22%
Busta Rhymes
21%
Gucci Mane
21%
T.I.
20%
2 Chainz
16%
Fivio Foreign
14%
Boogie Wit Da Hoodie
12%
A$AP Ferg
10%
No matching quizzes found
Score Distribution
Percent of People with Each Score
Percentile by Number Answered
Your Score History
You have not taken this quiz